Sẽ có cách đừng lo! = There will be away
Đã lưu trong:
| 主要作者: | |
|---|---|
| 格式: | 圖書 |
| 語言: | Undetermined |
| 出版: |
Hà Nội
Văn học
2016
|
| 主題: | |
| 標簽: |
添加標簽
沒有標簽, 成為第一個標記此記錄!
|
| Thư viện lưu trữ: | Trung tâm Học liệu Trường Đại học Cần Thơ |
|---|
| LEADER | 00603nam a2200217Ia 4500 | ||
|---|---|---|---|
| 001 | CTU_207026 | ||
| 008 | 210402s9999 xx 000 0 und d | ||
| 020 | |c 69000 | ||
| 082 | |a 895.9228 | ||
| 082 | |b T507 | ||
| 100 | |a Tuệ Nghi | ||
| 245 | 0 | |a Sẽ có cách đừng lo! = | |
| 245 | 0 | |b There will be away | |
| 245 | 0 | |c Tuệ Nghi | |
| 260 | |a Hà Nội | ||
| 260 | |b Văn học | ||
| 260 | |c 2016 | ||
| 650 | |a Văn học Việt Nam,Vietnamese literature | ||
| 650 | |x Sưu tập,Collection | ||
| 904 | |i Tuyến | ||
| 980 | |a Trung tâm Học liệu Trường Đại học Cần Thơ | ||